[Event "IBCA-ol blind 13th"]
[Site "Heraklion"]
[Date "2008.10.25"]
[Round "6.4"]
[White "Hatziapostolidis, Eystratios"]
[Black "Kuvsinov, Anatolij"]
[Result "0-1"]
[WhiteElo "1400"]
[BlackElo "1979"]
[PlyCount "100"]
[EventDate "2008.10.19"]
[EventType "team-swiss"]
[EventRounds "9"]
[EventCountry "GRE"]
[SourceTitle "EXT 2010"]
[Source "ChessBase"]
[SourceDate "2010.11.25"]
[SourceVersion "1"]
[SourceVersionDate "2010.11.25"]
[SourceQuality "1"]
[WhiteTeam "Greece (blind)"]
[BlackTeam "Lithuania (blind)"]
[WhiteTeamCountry "GRE"]
[BlackTeamCountry "LTU"]

1. c4 d6 2. Nc3 g6 3. g3 Bg7 4. Bg2 e5 5. Nf3 Nc6 6. d3 Nge7 7. 0-0 0-0 8. a3 Nd4 9. e3 Nxf3+ 10. Qxf3 c6 11. Rb1 Be6 12. Bd2 Qd7 13. Qe2 d5 14. cxd5 cxd5 15. b4 Rac8 16. Rbc1 Rfd8 17. Nb1 Nf5 18. Rxc8 Rxc8 19. Rc1 d4 20. e4 Nd6 21. Qd1 b5 22. Rxc8+ Nxc8 23. Qc2 Nb6 24. Bc1 Na4 25. Bd2 Qc8 26. Qxc8+ Bxc8 27. Bf3 Be6 28. Bd1 Ba2 29. Bc2 f6 30. Bc1 Nb6 31. Bd2 Bh6 32. Kf1 Kg7 33. Ke1 f5 34. Kd1 Kf6 35. exf5 Bxd2 36. Kxd2 gxf5 37. Ke2 Bd5 38. f3 Nc8 39. Bd1 Ne7 40. Kf2 Ng6 41. Kg2 e4 42. fxe4 fxe4 43. dxe4 Bxe4+ 44. Bf3 Ke5 45. Kf2 Bxf3 46. Kxf3 Kd5 47. Ke2 Ne5 48. h3 Ke4 49. g4 Nf3 50. g5 Ng1+ 0-1